Effects Of Calcium Agonists And Antagonists On Some Hormonal Controlling Reproduction In Male Chicken / (رقم التسجيلة. 179642)

تفاصيل مارك
000 -LEADER
fixed length control field 01491nam a22003257a 4500
005 - أخر تعامل مع التسجيلة
control field 20260421105011.0
008 - FIXED-LENGTH DATA ELEMENTS--GENERAL INFORMATION
fixed length control field 260421s1995 ua a|||frm||| 000 0 eng d
040 ## - CATALOGING SOURCE
Original cataloguing agency EG-GICUC
Language of cataloging eng
Transcribing agency EG-GICUC
Modifying agency EG-GICUC
Description conventions rda
041 0# - LANGUAGE CODE
Language code of text/sound track or separate title eng
Language code of summary or abstract eng
-- ara
049 ## - Acquisition Source
Acquisition Source Deposit
097 ## - Degree
Degree M.Sc
099 ## - LOCAL FREE-TEXT CALL NUMBER (OCLC)
Local Call Number Cai01.
100 0# - MAIN ENTRY--PERSONAL NAME
Authority record control number or standard number Hanan Ahmed Tag EL-Den,
Preparation preparation.
245 10 - TITLE STATEMENT
Title Effects Of Calcium Agonists And Antagonists On Some Hormonal Controlling Reproduction In Male Chicken /
Statement of responsibility, etc. By Hanan Ahmed Tag EL-Den; Under Supervision Of Prof. Dr. Sohair Youssef Saleh, Prof. Dr.Afaf Mohamad Azoz, Dr. Nour Boctor Bishara.
246 15 - VARYING FORM OF TITLE
Title proper/short title تأثيرات معضدات ومضادات الكالسيوم على مستوى بعض الهرمونات المنظمة للتناسل في ذكور الكتاكيت /
264 #0 - PRODUCTION, PUBLICATION, DISTRIBUTION, MANUFACTURE, AND COPYRIGHT NOTICE
Date of production, publication, distribution, manufacture, or copyright notice 1995.
300 ## - PHYSICAL DESCRIPTION
Extent 133 pages :
Other physical details illustrations ;
Dimensions 30 cm. +
336 ## - CONTENT TYPE
Source rda content
Content type term text
337 ## - MEDIA TYPE
Source rdamedia
Media type term Unmediated
338 ## - CARRIER TYPE
Source rdacarrier
Carrier type term volume
502 ## - DISSERTATION NOTE
Dissertation note Thesis (M.Sc.) -Cairo University, 1995.
504 ## - BIBLIOGRAPHY, ETC. NOTE
Bibliography, etc. note Bibliography: pages 114-133.
653 #0 - INDEX TERM--UNCONTROLLED
Uncontrolled term Physiology
700 0# - ADDED ENTRY--PERSONAL NAME
Personal name Sohair Youssef Saleh
Relator term thesis advisor.
700 0# - ADDED ENTRY--PERSONAL NAME
Personal name Afaf Mohamad Azoz
Relator term thesis advisor.
700 0# - ADDED ENTRY--PERSONAL NAME
Personal name Nour Boctor Bishara
Relator term thesis advisor.
900 ## - Thesis Information
Department Department of Physiology
Faculties Faculty of Veterinary Medicine
Universities Cairo University
Grant date 1995
Supervisory body Sohair Youssef Saleh
-- Afaf Mohamad Azoz
-- Nour Boctor Bishara
905 ## - Cataloger and Reviser Names
Cataloger Name Eman El gebaly
942 ## - ADDED ENTRY ELEMENTS (KOHA)
Source of classification or shelving scheme Dewey Decimal Classification
Koha item type Thesis
Edition 21
Suppress in OPAC No
المقتنيات
Source of classification or shelving scheme Home library Current library Date acquired Inventory number Full call number Barcode Date last seen Effective from Koha item type
Dewey Decimal Classification المكتبة المركزبة الجديدة - جامعة القاهرة مكتبة المئوية 21.04.2026 26915 Cai01.10.16.M.Sc.1995.Ha.E. 01010110026915000 21.04.2026 21.04.2026 Thesis
Cairo University Libraries Portal Implemented & Customized by: Eng. M. Mohamady Contacts: new-lib@cl.cu.edu.eg | cnul@cl.cu.edu.eg
CUCL logo CNUL logo
© All rights reserved — Cairo University Libraries
CUCL logo
Implemented & Customized by: Eng. M. Mohamady Contact: new-lib@cl.cu.edu.eg © All rights reserved — New Central Library
CNUL logo
Implemented & Customized by: Eng. M. Mohamady Contact: cnul@cl.cu.edu.eg © All rights reserved — Cairo National University Library